书目信息 |
| 题名: |
定向越野
|
|
| 作者: | 张惠红 , 陈瑜 , 刘军 主编 | |
| 分册: | ||
| 出版信息: | 北京 高等教育出版社 2007 |
|
| 页数: | 120页 | |
| 开本: | 24cm | |
| 丛书名: | ||
| 单 册: | ||
| 中图分类: | G826 , G826 | |
| 科图分类: | ||
| 主题词: | 定向运动--高等教育--教材 , 田径运动 | |
| 电子资源: | ||
| ISBN: | 978-7-04-021692-9 | |
| 000 | 01201nam0 2200337 450 | |
| 001 | 1555163929 | |
| 005 | 20150706152032.01 | |
| 010 | @a978-7-04-021692-9@dCNY12.80 | |
| 090 | @aG826@bzhh | |
| 096 | @aG826@bzhh | |
| 100 | @a20070327d2007 em y0chiy50 ea | |
| 101 | 0 | @achi |
| 102 | @aCN@b110000 | |
| 105 | @aa z 000yy | |
| 106 | @ar | |
| 200 | 1 | @a定向越野@b专著@dOrienteering@f张惠红,陈瑜,刘军主编@zeng@Ading xiang yue ye |
| 210 | @a北京@c高等教育出版社@d2007 | |
| 215 | @a120页@c图@d24cm | |
| 300 | @a普通高等教育“十一五”国家级规划教材 普通高等学校公共体育示范性教材/季克异,郑厚成,孙麒麟总主编 | |
| 304 | @a编委会组编 | |
| 330 | @a本书共分7章,具体内容包括:定向越野概述、定向越野的工具与装备、定向越野基础知识、定向越野技能与技战术、定向越野训练方法以及定向越野安全等。 | |
| 510 | 1 | @aOrienteering@zeng |
| 606 | 0 | @a定向运动@x高等教育@j教材 |
| 606 | 0 | @a田径运动 |
| 690 | @aG826@v4 | |
| 690 | @aG826@v4 | |
| 701 | 0 | @a张惠红@c(女,@f1962~)@4主编@Azhang hui hong |
| 701 | 0 | @a陈瑜@c(体育学)@4主编@Achen yu |
| 701 | 0 | @a刘军@f(1968.9~)@4主编@Aliu jun |
| 801 | 0 | @aCN@b大连网信软件有限公司图书馆·11@c20150706 |
| 905 | @aZUCC@dG826@et63 | |
| 定向越野=Orienteering/张惠红,陈瑜,刘军主编.-北京:高等教育出版社,2007 |
| 120页:图;24cm |
| 普通高等教育“十一五”国家级规划教材 普通高等学校公共体育示范性教材/季克异,郑厚成,孙麒麟总主编 |
| ISBN 978-7-04-021692-9:CNY12.80 |
| 本书共分7章,具体内容包括:定向越野概述、定向越野的工具与装备、定向越野基础知识、定向越野技能与技战术、定向越野训练方法以及定向越野安全等。 |
| ● |
| 相关链接 |
|
|
|
|
正题名:定向越野
索取号:G826/t63
 
预约/预借
| 序号 | 登录号 | 条形码 | 馆藏地/架位号 | 状态 | 备注 |
| 1 | 6940353 | 269403530 | 密集书库-体育系/ [索取号:G826/t63] | 在馆 | |
| 2 | 6940354 | 269403549 | 密集书库-体育系/ [索取号:G826/t63] | 在馆 |